000 00520nam a2200169 i 4500
001 72747
003 ES-MaACL
005 20230906171537.0
007 t|
008 040902s1922 gw ||||1| ger d
100 1 _aGoethe, Johann Wolfgang von,
_d1749-1832
_957568
245 1 0 _aFaust. Eine /
_cJohann Wolfgang Goethe ; tragödee, Erster Teil.
260 _aJena :
_bDiederichs,
_c1922 (
_eLeipzig :
_fDrugeelin)
300 _a405 p. ;
_c28 cm.
852 _aES-MaACL
_jB-9783
_bR.19201
999 _c72747
_d72747